| 000 | 00981nas a2200265 4500 | ||
|---|---|---|---|
| 001 | BR8602048 | ||
| 003 | BR-BrBNA | ||
| 005 | 20231205090434.0 | ||
| 007 | ta | ||
| 008 | 230509b bl.|||p| |||| 00| 00por d | ||
| 040 |
_aBR-BrBNA _bpor _cBiblioteca Nacional de Agricultura |
||
| 041 | _a(Pt) | ||
| 072 | _aH20 | ||
| 100 | 1 | _aBezerra, J.L. (Comissao Executiva do Plano da Lavoura Cacaueira, Ilheus, BA (Brazil)) | |
| 111 | 1 |
_a18. Congresso Brasileiro de Fitopatologia _cFortaleza, CE (Brazil) _d8-12 Jul 1985 |
|
| 245 | 1 |
_aOcorrencia de Dyshynchis palmicola em dende na Bahia, Brasil [fungo, fumagina] _bNota |
|
| 246 | 1 |
_aOccurrence of Dyshynchis palmicola in oil palm in Bahia, Brazil _bNote |
|
| 650 | _aDENDE | ||
| 650 | _aFUMAGINA | ||
| 650 | _aBAHIA | ||
| 773 | 0 |
_tRevista Theobroma (Brazil) _xISSN 0370-7962 _g(Apr-Jun 1985), v. 15(2) p. 97-100 _wBR8602048 |
|
| 856 | 4 | 0 | _dLink DSPACE/MAPA BR8602048 |
| 909 |
_a202311 _bLúcia _c55 _dLúcia Elande |
||
| 942 |
_2AGRIS _n0 _cANA |
||
| 999 |
_c118420 _d118420 |
||